[Event "España tch ONCE 2009"]
[Site "Fuengirola ESP"]
[Date "2009.11.26"]
[Round "5.32"]
[White "Monmeneu Chulia, Vicente Juan"]
[Black "Saez Gabicagogeascoa, Oscar"]
[Result "1/2-1/2"]
[WhiteElo "1956"]
[BlackElo "1966"]
[PlyCount "100"]
[EventDate "2009.11.22"]
[EventType "team-simul"]
[EventRounds "7"]
[EventCountry "ESP"]
[Source "lmi"]
[SourceDate "2009.11.22"]

1. d4 Nf6 2. c4 c5 3. d5 b5 4. cxb5 a6 5. bxa6 g6 6. Nc3 Bxa6 7. Nf3 Bg7 8. g3
O-O 9. Bg2 d6 10. O-O Nbd7 11. Rb1 Qa5 12. Bd2 Rfb8 13. b3 Ng4 14. Qc2 Qc7 15.
a4 h5 16. Rfe1 Bd4 17. e3 Bg7 18. Bf1 Nde5 19. Nxe5 Nxe5 20. Kg2 Bxf1+ 21. Rxf1
Qd7 22. Nb5 h4 23. f3 Bf6 24. g4 Rc8 25. h3 c4 26. b4 Qb7 27. e4 Qa6 28. Ra1
Nd3 29. Bc3 Nf4+ 30. Kh2 Be5 31. Bxe5 dxe5 32. Nc3 Qb6 33. Rab1 Nd3 34. a5 Qe3
35. Na4 Rab8 36. Nb6 Rxb6 37. axb6 Qxb6 38. b5 Rc5 39. Qa4 Qf6 40. f4 exf4 41.
Rf3 Ne5 42. Rf2 Nd7 43. b6 Qc3 44. Qa2 Ra5 45. Qd2 Qg3+ 46. Kh1 Qxh3+ 47. Rh2
Qf3+ 48. Qg2 Qd3 49. Qc2 Qf3+ 50. Qg2 Qd3 1/2-1/2

[Event "España tch ONCE 2009"]
[Site "Fuengirola ESP"]
[Date "2009.11.26"]
[Round "5.33"]
[White "Redondo Maguregui, Juan Manuel"]
[Black "Espadiña Solano, Jaime"]
[Result "1-0"]
[WhiteElo "1628"]
[BlackElo "1879"]
[PlyCount "59"]
[EventDate "2009.11.22"]
[EventType "team-simul"]
[EventRounds "7"]
[EventCountry "ESP"]
[Source "lmi"]
[SourceDate "2009.11.22"]

1. c4 Nf6 2. Nc3 g6 3. g3 Bg7 4. Bg2 O-O 5. Nf3 d6 6. O-O Nc6 7. a3 a5 8. d3
Nh5 9. Bd2 f5 10. Ng5 e6 11. f4 h6 12. Nf3 e5 13. e3 Be6 14. Nh4 Qe8 15. Nb5
Rc8 16. Qc2 g5 17. Nf3 exf4 18. exf4 g4 19. Nh4 Bf6 20. Rae1 Qf7 21. Rxe6 Nd4
22. Nxd4 Bxd4+ 23. Kh1 Rce8 24. Rfe1 Rxe6 25. Rxe6 c6 26. Rxd6 Bf2 27. Bc3
Nxg3+ 28. hxg3 Bxg3 29. Rg6+ Kh7 30. Rg7+ 1-0

[Event "España tch ONCE 2009"]
[Site "Fuengirola ESP"]
[Date "2009.11.26"]
[Round "5.34"]
[White "Parreño Cueto, Andres"]
[Black "Berdasco Revilla, Carmelo"]
[Result "1-0"]
[WhiteElo "1790"]
[BlackElo "1634"]
[PlyCount "61"]
[EventDate "2009.11.22"]
[EventType "team-simul"]
[EventRounds "7"]
[EventCountry "ESP"]
[Source "lmi"]
[SourceDate "2009.11.22"]

1. d4 Nf6 2. Nf3 e6 3. c4 Bb4+ 4. Nc3 Ne4 5. Qc2 f5 6. a3 Bxc3+ 7. bxc3 O-O 8.
Bf4 b6 9. Rd1 d6 10. e3 Nd7 11. Bd3 Bb7 12. h4 Ndf6 13. O-O Nh5 14. Bg5 Qe8 15.
Nd2 Nxd2 16. Qxd2 h6 17. Bf4 Nxf4 18. exf4 Qh5 19. Qe3 Rf6 20. g3 Rg6 21. Kh2
Rf8 22. Be2 Rg4 23. Bxg4 fxg4 24. Qxe6+ Kh8 25. d5 g5 26. fxg5 hxg5 27. Qe7 Rf7
28. Qxg5 Qxg5 29. hxg5 Rh7+ 30. Kg2 b5 31. Rh1 1-0

[Event "España tch ONCE 2009"]
[Site "Fuengirola ESP"]
[Date "2009.11.26"]
[Round "5.41"]
[White "Aguilar Sevilla, Diego"]
[Black "Quintero Hernandez, Luis Jose"]
[Result "1-0"]
[WhiteElo "2099"]
[BlackElo "1734"]
[PlyCount "59"]
[EventDate "2009.11.22"]
[EventType "team-simul"]
[EventRounds "7"]
[EventCountry "ESP"]
[Source "lmi"]
[SourceDate "2009.11.22"]

1. e4 d6 2. d4 Nf6 3. Nc3 e5 4. Nf3 Nbd7 5. Bc4 Be7 6. O-O O-O 7. Re1 c6 8. a4
b6 9. b3 Bb7 10. d5 a6 11. dxc6 Bxc6 12. Nd5 Nc5 13. Nxf6+ Bxf6 14. Bd5 Qc7 15.
Ba3 Be7 16. Bxc5 bxc5 17. Qd3 Bxd5 18. Qxd5 a5 19. Nd2 g6 20. Nc4 Kg7 21. Rad1
Rad8 22. Qd2 Ra8 23. Qc3 Rfd8 24. Rd5 f6 25. Red1 Bf8 26. Qd3 Ra6 27. Nxe5 fxe5
28. Qxa6 Rd7 29. Qb5 Rf7 30. g3 1-0

[Event "España tch ONCE 2009"]
[Site "Fuengirola ESP"]
[Date "2009.11.26"]
[Round "5.42"]
[White "Carrazzoni Roman, Carlos"]
[Black "Vilageliu Ceballos, Josep M"]
[Result "0-1"]
[WhiteElo "1750"]
[BlackElo "2093"]
[PlyCount "70"]
[EventDate "2009.11.22"]
[EventType "team-simul"]
[EventRounds "7"]
[EventCountry "ESP"]
[Source "lmi"]
[SourceDate "2009.11.22"]

1. d4 Nf6 2. Nc3 g6 3. e4 d6 4. Bg5 Bg7 5. e5 Ng8 6. f4 f6 7. Bh4 c6 8. Nf3 Nh6
9. Be2 O-O 10. h3 Qb6 11. Qc1 Nd7 12. Bf2 Qa5 13. Rb1 fxe5 14. O-O exf4 15. b4
Qc7 16. Ng5 Nb6 17. a4 a5 18. bxa5 Rxa5 19. Nge4 Nxa4 20. Na2 Nf5 21. Rd1 Nb6
22. Nb4 Nd5 23. Bc4 Kh8 24. Be2 Nde3 25. Rd3 Nxd4 26. Bd1 d5 27. Ng5 Bf5 28.
Rd2 e5 29. c3 Nb5 30. Rb3 d4 31. c4 Nc3 32. Be2 Qe7 33. Bh4 Bf6 34. Nxh7 Qxh7
35. Bxf6+ Rxf6 0-1

[Event "España tch ONCE 2009"]
[Site "Fuengirola ESP"]
[Date "2009.11.26"]
[Round "5.44"]
[White "Sanz Bosc, Narciso"]
[Black "Canals Recasen, Francesc"]
[Result "1/2-1/2"]
[WhiteElo "1741"]
[BlackElo "1918"]
[PlyCount "117"]
[EventDate "2009.11.22"]
[EventType "team-simul"]
[EventRounds "7"]
[EventCountry "ESP"]
[Source "lmi"]
[SourceDate "2009.11.22"]

1. e4 d5 2. exd5 Qxd5 3. Nc3 Qd6 4. d4 Nf6 5. Nf3 a6 6. g3 Bg4 7. Bg2 c6 8. O-O
e6 9. Bf4 Qd8 10. Qd3 Nbd7 11. Rfe1 Be7 12. Qe3 O-O 13. Ne5 Bf5 14. Qe2 Nxe5
15. dxe5 Nd5 16. Nxd5 cxd5 17. Rad1 b5 18. h4 h6 19. c3 Rc8 20. Qh5 Bg6 21. Qf3
b4 22. h5 Bh7 23. Qe3 Bc5 24. Qe2 bxc3 25. bxc3 Qa5 26. Bd2 Qa4 27. Ra1 Ba3 28.
Bc1 Rxc3 29. Bxa3 Qxa3 30. Qd2 Rfc8 31. Qd4 Qc5 32. Qxc5 R8xc5 33. Bf1 a5 34.
Re2 Kf8 35. Rd1 Bf5 36. Rb2 Bg4 37. Be2 Bxe2 38. Rxe2 Ke7 39. Kg2 Kd7 40. Rb2
Rc2 41. Rd2 Rxd2 42. Rxd2 Kc7 43. f3 a4 44. Kf2 Rc3 45. Ke2 Kc6 46. g4 a3 47.
f4 Rg3 48. Kf2 Rxg4 49. Kf3 Rh4 50. Kg3 Rxh5 51. Rd3 f6 52. exf6 gxf6 53. Rxa3
e5 54. Ra6+ Kb5 55. Rxf6 exf4+ 56. Kxf4 Rh4+ 57. Kf3 h5 58. a4+ Kc5 59. Rf5
1/2-1/2

[Event "España tch ONCE 2009"]
[Site "Fuengirola ESP"]
[Date "2009.11.27"]
[Round "6.11"]
[White "Mejias Gonzalez, Javier"]
[Black "Quintero Hernandez, Luis Jose"]
[Result "1-0"]
[WhiteElo "1952"]
[BlackElo "1734"]
[PlyCount "57"]
[EventDate "2009.11.22"]
[EventType "team-simul"]
[EventRounds "7"]
[EventCountry "ESP"]
[Source "lmi"]
[SourceDate "2009.11.22"]

1. e4 e5 2. d3 Nf6 3. f4 Bc5 4. fxe5 Bxg1 5. Rxg1 Ng8 6. Qg4 g6 7. Bg5 f6 8.
exf6 Nxf6 9. Qh4 O-O 10. e5 Qe7 11. Bxf6 Qc5 12. Qc4+ Qxc4 13. dxc4 d6 14. Be2
Nc6 15. Nc3 dxe5 16. Bg5 Be6 17. O-O-O Nd4 18. Bd3 Kg7 19. Rgf1 h6 20. Be7 Rf7
21. Rxf7+ Kxf7 22. Ba3 c6 23. Bd6 Bg4 24. Rf1+ Ke6 25. c5 Bf5 26. Bc4+ Kd7 27.
Bxe5 Nxc2 28. Rxf5 gxf5 29. Kxc2 1-0

[Event "España tch ONCE 2009"]
[Site "Fuengirola ESP"]
[Date "2009.11.27"]
[Round "6.12"]
[White "Carrazzoni Roman, Carlos"]
[Black "Garcia Cervigon, Cecilio"]
[Result "1-0"]
[WhiteElo "1750"]
[BlackElo "1861"]
[PlyCount "97"]
[EventDate "2009.11.22"]
[EventType "team-simul"]
[EventRounds "7"]
[EventCountry "ESP"]
[Source "lmi"]
[SourceDate "2009.11.22"]

1. d4 Nf6 2. Nf3 e6 3. c4 d5 4. e3 Be7 5. c5 c6 6. Nbd2 Nbd7 7. b4 Qc7 8. Bb2
O-O 9. Be2 Ne4 10. Nxe4 dxe4 11. Ne5 Nf6 12. Qc2 Nd5 13. Qxe4 Nxb4 14. O-O f5
15. Qb1 Nd5 16. Bd3 Bf6 17. Nc4 Bd7 18. Qd1 Be8 19. Rb1 Nb4 20. Be2 Bg6 21. a3
Nd5 22. Bd3 Be7 23. Ne5 Rf6 24. Ba1 Be8 25. Qb3 Rb8 26. Rfc1 Rh6 27. g3 Bf6 28.
Nf3 Qf7 29. Qd1 g5 30. Ne5 Bxe5 31. dxe5 Rh3 32. Bf1 Rh6 33. Be2 Qg7 34. Bd4
Bg6 35. Qf1 f4 36. Bd3 fxe3 37. fxe3 Rf8 38. Qe2 Bxd3 39. Qxd3 Rh3 40. Rc2 Qc7
41. Rf1 Rxf1+ 42. Qxf1 Rh6 43. Rf2 Qe7 44. e4 Nc7 45. Rf6 Rxf6 46. exf6 Qd8 47.
f7+ Kf8 48. Be5 Qd7 49. Bd6+ 1-0

[Event "España tch ONCE 2009"]
[Site "Fuengirola ESP"]
[Date "2009.11.27"]
[Round "6.14"]
[White "Sanz Bosc, Narciso"]
[Black "Llaneras Henarejos, Miguel"]
[Result "1/2-1/2"]
[WhiteElo "1741"]
[BlackElo "1696"]
[PlyCount "84"]
[EventDate "2009.11.22"]
[EventType "team-simul"]
[EventRounds "7"]
[EventCountry "ESP"]
[Source "lmi"]
[SourceDate "2009.11.22"]

1. e4 d6 2. d4 g6 3. Nc3 Bg7 4. Be3 a6 5. f4 Nf6 6. h3 c5 7. dxc5 Qa5 8. Qd4
Nc6 9. Qa4 Qxa4 10. Nxa4 Nxe4 11. Nb6 Bxb2 12. Rb1 Bc3+ 13. Ke2 Rb8 14. Kd3 f5
15. cxd6 exd6 16. Nxc8 Rxc8 17. a3 d5 18. Ne2 d4 19. Nxc3 Nxc3 20. Re1 dxe3 21.
Kxc3 O-O 22. Rxe3 Rfe8 23. Bc4+ Kf8 24. Rxe8+ Rxe8 25. Bd5 Rc8 26. Bxc6 Rxc6+
27. Kd3 Rd6+ 28. Ke3 Rc6 29. Kd2 Ke7 30. Rb1 b5 31. a4 Rc5 32. axb5 Rxb5 33.
Rxb5 axb5 34. Kc3 Kd6 35. Kb4 Kc6 36. c4 bxc4 37. Kxc4 Kd6 38. Kd4 h6 39. h4
Ke6 40. Kc5 h5 41. g3 Ke7 42. Kd5 Kd7 1/2-1/2

[Event "España tch ONCE 2009"]
[Site "Fuengirola ESP"]
[Date "2009.11.27"]
[Round "6.21"]
[White "Mora Mañez, Julio"]
[Black "Aguilar Sevilla, Diego"]
[Result "0-1"]
[WhiteElo "2036"]
[BlackElo "2099"]
[PlyCount "40"]
[EventDate "2009.11.22"]
[EventType "team-simul"]
[EventRounds "7"]
[EventCountry "ESP"]
[Source "lmi"]
[SourceDate "2009.11.22"]

1. e4 d6 2. d4 g6 3. Nf3 Bg7 4. Be2 Nf6 5. Nc3 O-O 6. O-O a6 7. Bf4 Nc6 8. d5
e5 9. Be3 Ne7 10. Ne1 b5 11. a3 Bd7 12. Nd3 c6 13. dxc6 Bxc6 14. Bf3 Qc7 15.
Nb4 a5 16. Nxc6 Qxc6 17. Qd3 b4 18. axb4 axb4 19. Rxa8 Rxa8 20. Qb5 bxc3 0-1

[Event "España tch ONCE 2009"]
[Site "Fuengirola ESP"]
[Date "2009.11.27"]
[Round "6.22"]
[White "Vilageliu Ceballos, Josep M"]
[Black "Monmeneu Chulia, Vicente Juan"]
[Result "1/2-1/2"]
[WhiteElo "2093"]
[BlackElo "1956"]
[PlyCount "130"]
[EventDate "2009.11.22"]
[EventType "team-simul"]
[EventRounds "7"]
[EventCountry "ESP"]
[Source "lmi"]
[SourceDate "2009.11.22"]

1. e4 e6 2. d4 d5 3. e5 c5 4. c3 Qb6 5. Nf3 Nc6 6. a3 Nh6 7. b4 cxd4 8. cxd4
Nf5 9. Be3 f6 10. exf6 gxf6 11. Bd3 Nxe3 12. fxe3 Bh6 13. Qe2 Bd7 14. Nc3 Ne7
15. O-O O-O 16. Kh1 Ng6 17. Nd2 a5 18. b5 Qd6 19. Rf3 Rf7 20. Rg3 f5 21. Qh5
Bg7 22. Nf3 Bf6 23. Ng5 Bxg5 24. Qxg5 b6 25. h4 Kf8 26. Ne2 Qe7 27. Qh6+ Ke8
28. Rg5 Rc8 29. g4 Nf8 30. Nf4 fxg4 31. Re5 Rf6 32. Qh5+ Qf7 33. Nxd5 Rf2 34.
Qxg4 Ng6 35. Bxg6 hxg6 36. Nf4 Rcc2 37. d5 Bc8 38. Rd1 Rh2+ 39. Kg1 Qf6 40. Qg5
Qxg5+ 41. Rxg5 exd5 42. Rxg6 Bf5 43. Rg2 Rhxg2+ 44. Nxg2 Be4 45. Nf4 Ra2 46.
Nxd5 Bxd5 47. Rxd5 Rxa3 48. Kf2 Rb3 49. Kf3 a4 50. Rd4 a3 51. Ra4 Rxb5 52. Rxa3
Kf7 53. e4 Rh5 54. Kg4 Re5 55. Kf4 Rb5 56. Rc3 Rh5 57. Rh3 Kf6 58. Kg4 Re5 59.
Kf4 Rh5 60. Kg4 Re5 61. Kf4 Rh5 62. Rh1 b5 63. Kg4 Re5 64. Re1 b4 65. h5 b3
1/2-1/2

[Event "España tch ONCE 2009"]
[Site "Fuengirola ESP"]
[Date "2009.11.27"]
[Round "6.23"]
[White "Espadiña Solano, Jaime"]
[Black "Pimienta Sanchez, Manuel"]
[Result "1-0"]
[WhiteElo "1879"]
[BlackElo "1892"]
[PlyCount "57"]
[EventDate "2009.11.22"]
[EventType "team-simul"]
[EventRounds "7"]
[EventCountry "ESP"]
[Source "lmi"]
[SourceDate "2009.11.22"]

1. e4 g6 2. d4 Bg7 3. Nc3 d6 4. Be3 Nf6 5. Qd2 h6 6. Bd3 Nc6 7. h3 e5 8. Nf3
Nd7 9. Be2 Nb6 10. O-O-O Bd7 11. dxe5 Nxe5 12. Nxe5 dxe5 13. Rhf1 Bc6 14. Nd5
Bxd5 15. exd5 f5 16. f4 e4 17. Bb5+ Nd7 18. Bd4 O-O 19. Bxg7 Kxg7 20. g4 a6 21.
Bxd7 Qxd7 22. d6 cxd6 23. gxf5 gxf5 24. Rg1+ Kf7 25. Qd5+ Ke8 26. Rg6 Qf7 27.
Re6+ Kd8 28. Qxd6+ Kc8 29. Re7 1-0

[Event "España tch ONCE 2009"]
[Site "Fuengirola ESP"]
[Date "2009.11.27"]
[Round "6.24"]
[White "Canals Recasen, Francesc"]
[Black "Parreño Cueto, Andres"]
[Result "1/2-1/2"]
[WhiteElo "1918"]
[BlackElo "1790"]
[PlyCount "53"]
[EventDate "2009.11.22"]
[EventType "team-simul"]
[EventRounds "7"]
[EventCountry "ESP"]
[Source "lmi"]
[SourceDate "2009.11.22"]

1. d4 d5 2. Nf3 c5 3. c4 cxd4 4. Nxd4 dxc4 5. Bf4 Nf6 6. Nc3 a6 7. e3 Qb6 8.
Bxc4 e6 9. O-O Nbd7 10. Nb3 Be7 11. Rc1 O-O 12. Qe2 Qa7 13. a4 Nb6 14. Bd3 Nbd5
15. Be5 Nxc3 16. Bxc3 Qb6 17. Qc2 h6 18. Bd4 Qd6 19. Bc5 Qc7 20. Qe2 Bxc5 21.
Nxc5 Qe7 22. Qf3 Rd8 23. Rfd1 Nd5 24. Be4 Bd7 25. a5 Bc6 26. Qe2 Rac8 27. Rc3
1/2-1/2

[Event "España tch ONCE 2009"]
[Site "Fuengirola ESP"]
[Date "2009.11.27"]
[Round "6.31"]
[White "Draghici Flutur, Gravril"]
[Black "Lococo Cobo, Nicola"]
[Result "1-0"]
[WhiteElo "2193"]
[BlackElo "2074"]
[PlyCount "69"]
[EventDate "2009.11.22"]
[EventType "team-simul"]
[EventRounds "7"]
[EventCountry "ESP"]
[Source "lmi"]
[SourceDate "2009.11.22"]

1. e4 c5 2. Nf3 Nc6 3. Bb5 d6 4. O-O Bg4 5. h3 Bh5 6. Bxc6+ bxc6 7. Re1 e6 8.
e5 d5 9. d3 Ne7 10. Nc3 Bxf3 11. Qxf3 Ng6 12. b3 Be7 13. Na4 O-O 14. Qg4 Qc7
15. Bb2 Rae8 16. g3 f5 17. exf6 Bxf6 18. Bxf6 Rxf6 19. Qe2 Qd6 20. h4 Nxh4 21.
gxh4 Ref8 22. Qe5 Qe7 23. h5 Kh8 24. Re2 Rf5 25. Qh2 Rg5+ 26. Kf1 Qf6 27. Rae1
Qf3 28. Re3 Qg4 29. Rxe6 Rxh5 30. Re8 Rg8 31. Rxg8+ Kxg8 32. Qb8+ Kf7 33. Qe8+
Kf6 34. Qe7+ Kf5 35. Qf7+ 1-0

[Event "España tch ONCE 2009"]
[Site "Fuengirola ESP"]
[Date "2009.11.27"]
[Round "6.32"]
[White "Saez Gabicagogeascoa, Oscar"]
[Black "Olivera Gutierrez, Albert"]
[Result "1-0"]
[WhiteElo "1966"]
[BlackElo "2104"]
[PlyCount "66"]
[EventDate "2009.11.22"]
[EventType "team-simul"]
[EventRounds "7"]
[EventCountry "ESP"]
[Source "lmi"]
[SourceDate "2009.11.22"]

1. e4 e5 2. Nf3 Nc6 3. d4 exd4 4. Nxd4 Nf6 5. Nxc6 bxc6 6. e5 Qe7 7. Qe2 Nd5 8.
c4 Qb4+ 9. Nd2 Nf4 10. Qe4 Ne6 11. a3 Qb6 12. b4 Qd4 13. Qxd4 Nxd4 14. Bd3 a5
15. Bb2 Ne6 16. b5 cxb5 17. cxb5 Nc5 18. Be2 Bb7 19. O-O d5 20. exd6 Bxd6 21.
a4 O-O 22. Nc4 Be7 23. Bc3 Rfe8 24. Rfe1 Bd5 25. Ne3 Bb7 26. Nc4 Bd5 27. Ne3
Be4 28. Bc4 Bd6 29. Bd5 Bxd5 30. Nxd5 Rxe1+ 31. Rxe1 h6 32. Ne7+ Kf8 33. Nf5 f6
1-0

[Event "España tch ONCE 2009"]
[Site "Fuengirola ESP"]
[Date "2009.11.27"]
[Round "6.33"]
[White "Ortiz Amenos, Jose Luis"]
[Black "Redondo Maguregui, Juan Manuel"]
[Result "1/2-1/2"]
[WhiteElo "2047"]
[BlackElo "1628"]
[PlyCount "44"]
[EventDate "2009.11.22"]
[EventType "team-simul"]
[EventRounds "7"]
[EventCountry "ESP"]
[Source "lmi"]
[SourceDate "2009.11.22"]

1. e4 c5 2. c3 e6 3. d4 d5 4. e5 Nc6 5. Nf3 a6 6. Be2 b5 7. O-O c4 8. a4 b4 9.
b3 cxb3 10. Qxb3 Na5 11. Qd1 b3 12. Nbd2 Rb8 13. Rb1 Qb6 14. c4 Bd7 15. c5 Qb4
16. Bxa6 Bxa4 17. Qe2 Ne7 18. Bb2 Nec6 19. Rfc1 Bb5 20. Bxb5 Qxb5 21. Qe3 Nb4
22. Rd1 Na2 1/2-1/2

[Event "España tch ONCE 2009"]
[Site "Fuengirola ESP"]
[Date "2009.11.27"]
[Round "6.41"]
[White "Garcia Magadan, Ramon"]
[Black "Moreno Campillo, Ricardo"]
[Result "1-0"]
[WhiteElo "2013"]
[BlackElo "1653"]
[PlyCount "43"]
[EventDate "2009.11.22"]
[EventType "team-simul"]
[EventRounds "7"]
[EventCountry "ESP"]
[Source "lmi"]
[SourceDate "2009.11.22"]

1. e4 e5 2. Nf3 Nc6 3. Bc4 Bc5 4. b4 Bxb4 5. c3 Be7 6. O-O Nf6 7. d4 d6 8. dxe5
dxe5 9. Qb3 Na5 10. Qa4+ Nc6 11. Nxe5 O-O 12. Nxc6 bxc6 13. e5 Ne8 14. Rd1 Bd7
15. e6 Nd6 16. exd7 Qxd7 17. Nd2 Bf6 18. Ne4 Bh4 19. g3 Be7 20. Bd5 Qg4 21.
Bxc6 Rad8 22. Nf6+ 1-0

[Event "España tch ONCE 2009"]
[Site "Fuengirola ESP"]
[Date "2009.11.28"]
[Round "7.11"]
[White "Moreno Campillo, Ricardo"]
[Black "Mejias Gonzalez, Javier"]
[Result "0-1"]
[PlyCount "93"]
[EventDate "2009.11.22"]
[EventType "team-simul"]
[EventRounds "7"]
[EventCountry "ESP"]
[Source "lmi"]
[SourceDate "2009.11.22"]
[WhiteElo "1653"]
[BlackElo "1952"]

1. d4 Nf6 2. Nf3 g6 3. Bf4 Bg7 4. h3 d6 5. e3 Nbd7 6. Be2 O-O 7. O-O c5 8. c3
a6 9. Nbd2 b5 10. a3 Bb7 11. Re1 Qc7 12. Bf1 e5 13. dxe5 dxe5 14. Bh2 Nh5 15.
e4 Qd8 16. Be2 Qf6 17. Bf1 Rad8 18. Qc2 Nf4 19. Rad1 g5 20. Bxf4 gxf4 21. Nh2
Qg6 22. Ng4 h5 23. Nh2 Nf6 24. f3 Bc8 25. Kh1 Qg3 26. Nb3 c4 27. Nc1 Rfe8 28.
Rxd8 Rxd8 29. Rd1 Rd7 30. Ne2 Qf2 31. Rxd7 Bxd7 32. Qd1 Bf8 33. b4 cxb3 34.
Qxb3 Be6 35. Qd1 Bxa3 36. Nc1 Bc5 37. Bd3 Nd7 38. Qf1 Qb2 39. Qe1 Be3 40. Ne2
Nc5 41. Bb1 Bc4 42. Ng1 Bd3 43. Nf1 Bf2 44. Qd1 Qxb1 45. Qxb1 Bxb1 46. Kh2
Bxg1+ 47. Kxg1 0-1

[Event "España tch ONCE 2009"]
[Site "Fuengirola ESP"]
[Date "2009.11.28"]
[Round "7.21"]
[White "Lococo Cobo, Nicola"]
[Black "Garcia Magadan, Ramon"]
[Result "1/2-1/2"]
[PlyCount "20"]
[EventDate "2009.11.22"]
[EventType "team-simul"]
[EventRounds "7"]
[EventCountry "ESP"]
[Source "lmi"]
[SourceDate "2009.11.22"]
[WhiteElo "2074"]
[BlackElo "2013"]

1. e4 d5 2. exd5 Qxd5 3. Nc3 Qa5 4. d4 Nf6 5. Nf3 c6 6. Bd3 Bg4 7. O-O e6 8.
Ne4 Nbd7 9. c3 Nxe4 10. Bxe4 Nf6 1/2-1/2

[Event "España tch ONCE 2009"]
[Site "Fuengirola ESP"]
[Date "2009.11.28"]
[Round "7.31"]
[White "Aguilar Sevilla, Diego"]
[Black "Draghici Flutur, Gravril"]
[Result "1/2-1/2"]
[PlyCount "68"]
[EventDate "2009.11.22"]
[EventType "team-simul"]
[EventRounds "7"]
[EventCountry "ESP"]
[Source "lmi"]
[SourceDate "2009.11.22"]
[WhiteElo "2099"]
[BlackElo "2193"]

1. d4 d5 2. c4 dxc4 3. e4 Nc6 4. Nf3 Bg4 5. d5 Ne5 6. Bf4 Ng6 7. Be3 Nf6 8.
Bxc4 Nxe4 9. Qd4 Nf6 10. Nc3 e5 11. Nxe5 Nxe5 12. Qxe5+ Be7 13. O-O O-O 14. h3
Bh5 15. Bg5 Bg6 16. Rfe1 Bd6 17. Qd4 h6 18. Bxf6 Qxf6 19. Qxf6 gxf6 20. Ne4 Be5
21. Rad1 Bxb2 22. d6 cxd6 23. Nxd6 b6 24. f4 Bc2 25. Rd5 Ba3 26. Re2 Ba4 27.
Ne4 Kg7 28. Ng3 Bc5+ 29. Kh2 Rfe8 30. Nh5+ Kf8 31. Nxf6 Rxe2 32. Bxe2 Bc6 33.
Rd1 Ba4 34. Rd5 Be7 1/2-1/2

[Event "España tch ONCE 2009"]
[Site "Fuengirola ESP"]
[Date "2009.11.28"]
[Round "7.33"]
[White "Pimienta Sanchez, Manuel"]
[Black "Ortiz Amenos, Jose Luis"]
[Result "0-1"]
[PlyCount "100"]
[EventDate "2009.11.22"]
[EventType "team-simul"]
[EventRounds "7"]
[EventCountry "ESP"]
[Source "lmi"]
[SourceDate "2009.11.22"]
[WhiteElo "1892"]
[BlackElo "2047"]

1. d4 d5 2. Nf3 Nf6 3. Bf4 Bf5 4. e3 e6 5. Bd3 Bg6 6. O-O Bd6 7. Bg5 Be7 8.
Bxf6 gxf6 9. c4 c6 10. cxd5 cxd5 11. Nc3 a6 12. Rc1 Nd7 13. Ne2 Bd6 14. Ng3 Qb6
15. Rc2 Ke7 16. Nh4 Rac8 17. f4 Rxc2 18. Bxc2 Qc7 19. Bb3 b5 20. Qd2 Rc8 21.
Nxg6+ hxg6 22. e4 dxe4 23. Nxe4 Nb6 24. g3 Nc4 25. Qe2 Qb6 26. Rd1 f5 27. Nc3
Kf8 28. h4 Kg7 29. Kh2 Qc7 30. Rd3 Rh8 31. Qf2 Rd8 32. Bxc4 Qxc4 33. Rf3 b4 34.
b3 Qc6 35. Nd1 Be7 36. Rd3 Qe4 37. Qd2 a5 38. d5 Rxd5 39. Rxd5 exd5 40. Nf2 Qe6
41. Nd3 Bf6 42. Qd1 Qe3 43. Ne1 Qf2+ 44. Ng2 d4 45. Qe1 Qxa2 46. h5 Qxb3 47. g4
fxg4 48. hxg6 g3+ 49. Kh3 Qe6+ 50. Kxg3 Qxe1+ 0-1

[Event "España tch ONCE 2009"]
[Site "Fuengirola ESP"]
[Date "2009.11.28"]
[Round "7.34"]
[White "Ariste Justo, Jesus Angel"]
[Black "Canals Recasen, Francesc"]
[Result "1/2-1/2"]
[PlyCount "73"]
[EventDate "2009.11.22"]
[EventType "team-simul"]
[EventRounds "7"]
[EventCountry "ESP"]
[Source "lmi"]
[SourceDate "2009.11.22"]
[WhiteElo "1882"]
[BlackElo "1918"]

1. d4 Nf6 2. c4 c5 3. d5 b5 4. cxb5 a6 5. Nc3 axb5 6. e4 b4 7. Nb5 d6 8. f3 g6
9. Bd3 Bg7 10. Ne2 O-O 11. O-O Nbd7 12. a3 bxa3 13. Rxa3 Ba6 14. Nec3 Ne5 15.
Be2 Qb6 16. Be3 Bxb5 17. Rxa8 Rxa8 18. Bxb5 Qa5 19. Qe2 Qb4 20. f4 Neg4 21. Bc1
Ra1 22. h3 Nh6 23. g4 Nfxg4 24. hxg4 Bxc3 25. bxc3 Qxc3 26. Bd2 Qg3+ 27. Qg2
Rxf1+ 28. Bxf1 Qxg2+ 29. Kxg2 Nxg4 30. Kg3 Nf6 31. Kf3 e6 32. Bc3 Ne8 33. Bb5
Nc7 34. Bc6 exd5 35. exd5 Kf8 36. Ba5 Na6 37. Ke4 1/2-1/2

[Event "España tch ONCE 2009"]
[Site "Fuengirola ESP"]
[Date "2009.11.28"]
[Round "7.42"]
[White "Monmeneu Chulia, Vicente Juan"]
[Black "Carrazzoni Roman, Carlos"]
[Result "0-1"]
[PlyCount "41"]
[EventDate "2009.11.22"]
[EventType "team-simul"]
[EventRounds "7"]
[EventCountry "ESP"]
[Source "lmi"]
[SourceDate "2009.11.22"]
[WhiteElo "1956"]
[BlackElo "1750"]

1. d4 d5 2. c4 dxc4 3. e3 c5 4. Bxc4 cxd4 5. exd4 Qc7 6. Qe2 Nf6 7. Nc3 a6 8.
Nf3 h6 9. O-O e6 10. d5 Qe7 11. dxe6 Bxe6 12. Bxe6 Qxe6 13. Re1 Qxe2 14. Rxe2+
Be7 15. Nd4 Kf8 16. Nf5 Nc6 17. Nxe7 Nxe7 18. Bf4 Nc6 19. Rd1 Nh5 20. Bc7 Nf6
21. Nd5 0-1

[Event "España tch ONCE 2009"]
[Site "Fuengirola ESP"]
[Date "2009.11.28"]
[Round "7.44"]
[White "Parreño Cueto, Andres"]
[Black "Sanz Bosc, Narciso"]
[Result "1-0"]
[PlyCount "59"]
[EventDate "2009.11.22"]
[EventType "team-simul"]
[EventRounds "7"]
[EventCountry "ESP"]
[Source "lmi"]
[SourceDate "2009.11.22"]
[WhiteElo "1790"]
[BlackElo "1741"]

1. d4 d5 2. c4 c6 3. Nf3 Nf6 4. e3 e6 5. Nc3 Bb4 6. Bd2 dxc4 7. Bxc4 O-O 8. O-O
Qc7 9. Qb3 Bd6 10. e4 e5 11. dxe5 Bxe5 12. Nxe5 Qxe5 13. Rfe1 Nbd7 14. f4 Qh5
15. e5 Nb6 16. Be2 Bg4 17. exf6 gxf6 18. Bxg4 Qxg4 19. Ne4 Qg6 20. Qg3 f5 21.
Nf6+ Kg7 22. Bc3 Qxg3 23. hxg3 Kg6 24. Re7 Na4 25. Be5 b5 26. Rc1 Rfc8 27. Kf2
c5 28. Rh1 c4 29. g4 fxg4 30. Nxg4 1-0